Ariana Grande - Toutes les chansons - Statistiques

Statistiques générales
  • Ce quiz a été pris 2 724 fois
    1 310 depuis la dernière actualisation
  • Le résultat moyen est 72 sur 154
Statistiques - réponses
Hint Réponse % Correct
thank u, next 11 thank u, next
90%
Dangerous Woman 2 Dangerous Woman
89%
thank u, next 10 7 rings
85%
Positions 12 positions
85%
Positions 2 34+35
83%
Positions Deluxe 17 34+35 (Remix)
83%
Sweetener 6 sweetener
79%
eternal sunshine 5 eternal sunshine
77%
Sweetener 5 God is a woman
77%
Sweetener 10 no tears left to cry
77%
eternal sunshine 1 intro (end of the world)
75%
eternal sunshine: brighter days ahead 14 intro (end of the world) - extended
75%
eternal sunshine 10 we can't be friends (wait for your love)
75%
eternal sunshine (slightly deluxe) 17 yes, and? (feat. Mariah Carey)
74%
Dangerous Woman 4 Into You
73%
My Everything 2 One Last Time
72%
Dangerous Woman 5 Side to Side
72%
eternal sunshine 8 the boy is mine
71%
eternal sunshine (slightly deluxe and also live) 16 the boy is mine (feat. Brandy, Monica)
71%
Yours Truly 8 The Way
70%
My Everything 4 Break Free
69%
Singles 2014 Santa Tell Me
68%
thank u, next 8 ghostin
67%
My Everything 11 My Everything
67%
Yours Truly 1 Honeymoon Avenue
66%
My Everything 8 Love Me Harder
66%
thank u, next 2 needy
66%
thank u, next 3 NASA
65%
eternal sunshine 9 yes, and?
65%
Sweetener 9 breathin'
64%
eternal sunshine 2 bye
64%
Singles 2024 Popular pour "Wicked"
64%
Collaboration 2012 Popular Song de Mika
64%
Positions 14 pov
64%
My Everything 1 Problem
64%
thank u, next 12 break up with your girlfriend, i'm bored
62%
eternal sunshine: brighter days ahead 17 dandelion
62%
thank u, next 1 imagine
61%
Yours Truly 2 Baby I
60%
My Everything Deluxe 12 Bang Bang
60%
Collaboration 2020 Save Your Tears de The Weeknd
60%
eternal sunshine 6 supernatural
60%
eternal sunshine (slightly deluxe) 14 supernatural (feat. Troye Sivan)
60%
Sweetener 4 R.E.M
59%
thank u, next 4 bloodline
58%
Dangerous Woman 9 Everyday
58%
Sweetener 8 everytime
58%
Dangerous Woman 1 Moonlight
58%
Sweetener 14 pete davidson
58%
Sweetener 1 raindrops (an angel cried)
58%
thank u, next 7 make up
57%
Sweetener 3 the light is coming (feat. Nicki Minaj)
57%
eternal sunshine: brighter days ahead 15 twilight zone
57%
eternal sunshine: brighter days ahead 19 Hampstead
56%
Positions 3 motive (feat. Doja Cat)
56%
Yours Truly 4 Tattooed Heart
55%
Positions 5 off the table
54%
Positions 7 safety net
54%
eternal sunshine 7 true story
54%
eternal sunshine (slightly deluxe) 16 true story (a capella)
54%
thank u, next 6 bad idea
53%
Sweetener 2 blazed (feat. Pharrell Williams)
53%
thank u, next 5 fake smile
53%
Dangerous Woman 7 Greedy
53%
eternal sunshine: brighter days ahead 18 past life
53%
Dangerous Woman Deluxe 18 Focus
52%
eternal sunshine 12 imperfect for you
52%
eternal sunshine (slightly deluxe) 15 imperfect for you (acoustic)
52%
Dangerous Woman 6 Let Me Love You
52%
Positions 8 my hair
52%
eternal sunshine: brighter days ahead 16 warm
52%
thank u, next 9 in my head
51%
Sweetener 7 successful
51%
eternal sunshine 3 don't wanna break up again
50%
eternal sunshine 13 ordinary things
50%
Positions 1 shut up
50%
Sweetener 15 get well soon
49%
Sweetener 13 goodnight n go
49%
Yours Truly 6 Piano
49%
Positions 9 nasty
48%
Yours Truly 3 Right There
48%
Dangerous Woman Deluxe 15 Touch It
48%
Collaboration 2016 Die For You de The Weeknd
46%
eternal sunshine 11 i wish i hated you
46%
My Everything 5 Best Mistake
45%
Sweetener 12 better off
45%
Dangerous Woman 3 Be Alright
44%
Sweetener 11 borderline (feat. Missy Elliott)
44%
Yours Truly 11 Popular Song
44%
Yours Truly 10 Almost is never Enough
43%
Positions 4 just like magic
43%
Yours Truly 7 Daydreamin
42%
Positions 13 obvious
42%
Positions Deluxe 16 test drive
42%
My Everything 6 Be My Baby
41%
Singles 2019 boyfriend (feat. Social House)
41%
Dangerous Woman 8 Leave Me Lonely
41%
Positions 11 love language
41%
Dangerous Woman 11 Thinking Bout You
41%
Dangerous Woman Deluxe 17 Thinking Bout You
41%
Collaboration 2020 Rain On Me de Lady Gaga
40%
Dangerous Woman Deluxe 12 Sometimes
40%
Dangerous Woman Deluxe 16 Knew Better / Forever Boy
39%
Positions 6 six thirty
39%
Positions 10 west side
39%
My Everything 3 Why Try
39%
Singles 2020 Stuck With U (feat. Justin Bieber)
38%
Dangerous Woman Deluxe 20 Jason's Song (Gave It Away)
37%
My Everything 9 Just a Little Bit of Your Heart
36%
eternal sunshine 4 Saturn Returns Interlude
36%
Dangerous Woman 10 Bad Decisions
35%
Dangerous Woman Deluxe 14 Bad Decisions
35%
Christmas and Chill 2 December
35%
My Everything 10 Hands on Me
35%
My Everything Deluxe 13 Only 1
35%
Christmas Kisses 1 Last Christmas
34%
Yours Truly 9 You'll Never Know
34%
Yours Truly 12 Better Left Unsaid
33%
My Everything 7 Break Your Heart Right Back
32%
Yours Truly 5 Lovin'it
32%
Positions Deluxe 19 main thing
32%
My Everything Deluxe 15 Cadillac Song
30%
Singles 2024 Defying Gravity pour "Wicked"
30%
Singles 2019 MONOPOLY (feat. Victoria Monét)
30%
Dangerous Woman Deluxe 19 Step on Up
30%
Positions Deluxe 18 worst behavior
30%
Dangerous Woman Deluxe 13 I Don't Care
28%
Collaboration 2017 Quit de Cashmere Cat
28%
Positions Deluxe 15 someone like u
26%
My Everything Deluxe 14 You Don't Know Me
26%
Singles 2011 Put Your Hearts Up
25%
Christmas Kisses 3 Snow in California
22%
Christmas and Chill 5 Winter Things
22%
Singles 2024 No One Mourns the Wicked pour "Wicked"
21%
Christmas Kisses 4 Santa Baby
21%
Christmas and Chill 4 True Love
21%
My Everything Deluxe 16 Too Close
20%
Singles 2024 What Is This Feeling? pour "Wicked"
18%
Collaboration 2021 Met Him Last Night de Demi Lovato
17%
Collaboration 2024 Sympathy is a knife featuring Ariana grande de Charli xcx
16%
Christmas Kisses 2 Love Is Everything
15%
Singles 2024 Dancing Through Life pour "Wicked"
14%
Christmas and Chill 1 Wit It This Christmas
14%
Christmas and Chill 3 Not Just On Christmas
13%
Singles 2024 One Short Day pour "Wicked"
12%
Collaboration 2021 Santa, Can't You Hear Me de Kelly Clarkson
12%
Singles 2021 Just Look Up (feat. Kid Cudi)
11%
Collaboration 2019 Good as Hell de Lizzo
10%
Singles 2017 Somewhere Over the Rainbow (Live From Manchester)
8%
Singles 2008 Brand New You (feat. Brynn Williams & Caitlin Gann)
4%
Singles 2024 Dear Old Shiz pour "Wicked"
4%
Collaboration 2019 A Hand For Mrs. Claus de Idina Menzel
3%
Collaboration 2025 One Heart, One Voice de Barbara Streisand (feat. Mariah Carey)
3%
Singles 2008 A Little Homework (feat. Graham Phillips)
1%
Aucun quiz correspondant
Distribution des résultats
% des personnes avec chaque résultat
Percentile par nombre de réponses
Votre historique - résultats
Vous n’avez pas pris ce quiz depuis la dernière actualisation